HTML5 for Masterminds : (Record no. 16642)
[ view plain ]
| 000 -LEADER | |
|---|---|
| fixed length control field | 00966nam a22002297a 4500 |
| 008 - FIXED-LENGTH DATA ELEMENTS--GENERAL INFORMATION | |
| fixed length control field | 120410s2011 xxu|||||r|||| 00| 0 eng d |
| 020 ## - INTERNATIONAL STANDARD BOOK NUMBER | |
| International Standard Book Number | 146360405X |
| 020 ## - INTERNATIONAL STANDARD BOOK NUMBER | |
| International Standard Book Number | 9781463604059 |
| 082 ## - DEWEY DECIMAL CLASSIFICATION NUMBER | |
| Classification number | 006.7 |
| Item number | GAU |
| 100 ## - MAIN ENTRY--PERSONAL NAME | |
| 9 (RLIN) | 29629 |
| Personal name | Gauchat, J. D. |
| 245 ## - TITLE STATEMENT | |
| Title | HTML5 for Masterminds : |
| Remainder of title | How to Take Advantage of HTML5 to Create Amazing Websites and Revolutionary Applications / |
| Statement of responsibility, etc | J. D. Gauchat ; edited by Laura Edlund |
| 260 ## - PUBLICATION, DISTRIBUTION, ETC. (IMPRINT) | |
| Place of publication, distribution, etc | [Toronto] : |
| Name of publisher, distributor, etc | Mink Books, |
| Date of publication, distribution, etc | 2011 |
| 300 ## - PHYSICAL DESCRIPTION | |
| Extent | 418 p. : |
| Other physical details | ill. |
| Dimensions | 24 cm. |
| 541 ## - IMMEDIATE SOURCE OF ACQUISITION NOTE | |
| Source of acquisition | Dr. Hani Ghali ; |
| 650 ## - SUBJECT ADDED ENTRY--TOPICAL TERM | |
| 9 (RLIN) | 29620 |
| Topical term or geographic name as entry element | HTML (Document markup language) |
| 650 ## - SUBJECT ADDED ENTRY--TOPICAL TERM | |
| 9 (RLIN) | 11303 |
| Topical term or geographic name as entry element | Web site development. |
| 650 ## - SUBJECT ADDED ENTRY--TOPICAL TERM | |
| 9 (RLIN) | 10353 |
| Topical term or geographic name as entry element | Internet programming |
| 653 ## - INDEX TERM--UNCONTROLLED | |
| Resource For college | |
| Arrived date list | April2012 |
| 700 ## - ADDED ENTRY--PERSONAL NAME | |
| 9 (RLIN) | 29630 |
| Personal name | Edlund, Laura |
| 942 ## - ADDED ENTRY ELEMENTS (KOHA) | |
| Source of classification or shelving scheme | Dewey Decimal Classification |
| Item type | Book - Borrowing |
| Withdrawn status | Item status | Source of classification or shelving scheme | Damaged status | Not for loan | Vendor | Home library | Current library | Shelving location | Date acquired | Source of acquisition | Total Checkouts | Total Renewals | Full call number | Barcode | Date last seen | Date last borrowed | Koha item type |
|---|---|---|---|---|---|---|---|---|---|---|---|---|---|---|---|---|---|
| Dewey Decimal Classification | Central Library | Central Library | Lower Floor | 10/04/2012 | Donation | 6 | 3 | 006.7 GAU | 000026579 | 15/07/2025 | 10/08/2022 | Book - Borrowing |